00781nam a2200265Ia 450000100060000000300100000600500170001600700030003300800370003602000180007304000350009104100080012608200190013410000190015324500550017225000180022726400320024530000550027733600270033233700330035933800280039265000330042065100260045365100360047957498CO-BoRNBP20250704114458.0ta170503s2006 s ao g 000 0 s a9788484521181 aCO-BoRNBPbspaerdacCO-BoRNBP aspa04a394.0954bD17i aDas, Prodeepta10aI de Indiactexto e ilustraciones de Prodeepta Das a1a. edición 1aBarcelonabIntermónc2006 a28 páginasbilustraciones en color, fotosc23 cm atextobtxt2rdacontent asin mediaciónbn2rdamedia avolumenbnc2rdacarrier07aCivilización hindú2LEMB 0aIndiavCivilización 0aIndiavVida social y costumbres